Основы фармакологии ... Ч. 1 (Запись № 13563500)
[ простой вид ]
| 000 -МАРКЕР | |
|---|---|
| контрольное поле | 01124nam2a2200229 4500 |
| 001 - ИДЕНТИФИКАТОР ЗАПИСИ | |
| контрольное поле | rc\2651914 |
| 005 - ИДЕНТИФИКАТОР ВЕРСИИ | |
| контрольное поле | 20260315043122.0 |
| 035 ## - ДРУГИЕ СИСТЕМНЫЕ НОМЕРА | |
| Идентификатор записи | (NLR Aleph) 006959376 |
| 100 ## - ДАННЫЕ ОБЩЕЙ ОБРАБОТКИ | |
| Данные общей обработки | 20110610d1930 u y0rusy50 ca |
| 101 0# - ЯЗЫК РЕСУРСА | |
| Язык текста, звукозаписи и т.д. | русский |
| 102 ## - СТРАНА ПУБЛИКАЦИИ ИЛИ ПРОИЗВОДСТВА | |
| Страна публикации | Российская Федерация |
| 105 ## - ПОЛЕ КОДИРОВАННЫХ ДАННЫХ: ТЕКСТОВЫЕ МАТЕРИАЛЫ, МОНОГРАФИЧЕСКИЕ | |
| Кодированные данные о монографическом текстовом документе | ac z ||||| |
| 200 0# - ЗАГЛАВИЕ И СВЕДЕНИЯ ОБ ОТВЕТСТВЕННОСТИ | |
| Основное заглавие | Ч. 1 |
| 210 ## - ПУБЛИКАЦИЯ, РАСПРОСТРАНЕНИЕ И ДР. | |
| Дата издания, распространения и т.д. | 1930 |
| 215 ## - ФИЗИЧЕСКАЯ ХАРАКТЕРИСТИКА | |
| Специфическое обозначение материала и объем | 422 с., [2] с. объявл., [2] вкл. л. портр. и крас. схем. |
| Другие сведения о физической характеристике | ил., черт., граф., портр., крас. схем. |
| 461 #0 - УРОВЕНЬ НАБОРА | |
| Встроенное поле | 001rc\2651913 |
| -- | 2000#$aОсновы фармакологии ...$eЧ. 1-2$fакад. Н.П. Кравков$gС предисл. акад. И.П. Павлова$vЧ. 1 |
| -- | 700#1$aКравков$bН.П.$gНиколай Павлович$f1865-1924 |
| Системный номер (АБИС) связанной записи | 5327762 |
| Автор | Кравков, Н.П. (1865-1924) |
| Место публикации | Москва |
| Дата публикации | 1930-1931 |
| Издание | 13-е изд. перераб. проф. В. В. Савичем |
| Первые сведения об ответственности | акад. Н.П. Кравков |
| Имя издателя, распространителя и т.д. | Гос. изд-во |
| Сведения, относящиеся к заглавию | Ч. 1-2 |
| Заглавие | Основы фармакологии ... |
| Номер тома | Ч. 1 |
| 801 #0 - ИСТОЧНИК ЗАПИСИ | |
| Страна | Российская Федерация |
| Организация | NLR |
| Правила каталогизации | psbo |
| 801 #1 - ИСТОЧНИК ЗАПИСИ | |
| Страна | Российская Федерация |
| Организация | ELAR |
| Источник данных | rusmarc |
| 852 ## - МЕСТОНАХОЖДЕНИЕ И ШИФР ХРАНЕНИЯ | |
| Идентификатор организации | NLR |
| Шифр хранения (Call Number) | 30.19/754(1) |
| 942 ## - ДОПОЛНИТЕЛЬНЫЕ ЭЛЕМЕНТЫ ЗАПИСИ (АБИС) | |
| Тип экземпляра АБИС | Неопределено |
| 980 ## - КОЛЛЕКЦИЯ | |
| Название коллекции | Национальная библиография |
Нет доступных экземпляров.